000 00375 a2200169 4500
001 183489
020 _a85-08-05496-3
040 _cMagnum
100 _aNovaes, Carlos Eduardo
240 1 0 _aO menino sem imaginação
_lpor
245 1 0 _aO menino sem imaginação
300 _a148
362 0 _a2000
440 1 _aÁtica
697 _aLITERATURA JUVENIL
942 _cBK
999 _c183489
_d183489